Has Ireland found planning's Third Way? (Record no. 62245)
[ view plain ]
| 000 -LEADER | |
|---|---|
| fixed length control field | 01070cam a2200229 4500 |
| 001 - CONTROL NUMBER | |
| control field | ABS61825 |
| 008 - FIXED-LENGTH DATA ELEMENTS--GENERAL INFORMATION | |
| fixed length control field | 000000n1999 000 0 eng u |
| 035 ## - SYSTEM CONTROL NUMBER | |
| System control number | (Sirsi) u103653 |
| 100 ## - MAIN ENTRY--PERSONAL NAME | |
| Personal name | MacDonald, K. |
| 245 ## - TITLE STATEMENT | |
| Title | Has Ireland found planning's Third Way? |
| 260 ## - PUBLICATION, DISTRIBUTION, ETC. | |
| Date of publication, distribution, etc. | 1999 |
| 490 ## - SERIES STATEMENT | |
| Series statement | Axis |
| Volume/sequential designation | 54(6) December-January 2000, 11(1) |
| 520 ## - SUMMARY, ETC. | |
| Summary, etc. | Describes the Irish Planning Bill which attempts to deal with the problem of providing affordable housing. The Bill proposes that as part of a planning permission for housing, developers will be required to trandfer a specified percentage of their site to the local authority and that the transfer has to take place 'for an amount representing the value of the land based on the exisitng use of that land disregarding the provisions of the development plan'. |
| 590 ## - LOCAL NOTE (RLIN) | |
| Local note | ABS |
| 650 ## - SUBJECT ADDED ENTRY--TOPICAL TERM | |
| Topical term or geographic name entry element | PLANNING POLICY |
| 650 ## - SUBJECT ADDED ENTRY--TOPICAL TERM | |
| Topical term or geographic name entry element | IRELAND |
| 650 ## - SUBJECT ADDED ENTRY--TOPICAL TERM | |
| Topical term or geographic name entry element | PLANNING BILL |
| 650 ## - SUBJECT ADDED ENTRY--TOPICAL TERM | |
| Topical term or geographic name entry element | DEVELOPMENT PLANS |
| 650 ## - SUBJECT ADDED ENTRY--TOPICAL TERM | |
| Topical term or geographic name entry element | PLANNING PERMISSION |
| 690 ## - LOCAL SUBJECT ADDED ENTRY--TOPICAL TERM (OCLC, RLIN) | |
| Topical term or geographic name as entry element | ENVIRONMENTAL AND LAND CONSULTANCY-PLANNING AND DEVELOPMENT |
| 942 ## - ADDED ENTRY ELEMENTS (KOHA) | |
| Suppress in OPAC | 0 |
| Withdrawn status | Lost status | Source of classification or shelving scheme | Damaged status | Not for loan | Home library | Current library | Shelving location | Date acquired | Total Checkouts | Full call number | Barcode | Date last seen | Copy number | Price effective from | Koha item type |
|---|---|---|---|---|---|---|---|---|---|---|---|---|---|---|---|
| Dewey Decimal Classification | London | London | Journal article | 18/01/2000 | ABS61825 | 103653-1001 | 06/08/2019 | 1 | 06/08/2019 | Journal article |